Physics of the solar corona (Record no. 15859)

MARC details
000 -LEADER
fixed length control field 00626nam a2200205Ia 4500
003 - CONTROL NUMBER IDENTIFIER
control field IN-BaIIA
008 - FIXED-LENGTH DATA ELEMENTS--GENERAL INFORMATION
fixed length control field 211028s9999 xx 000 0 eng d
020 ## - INTERNATIONAL STANDARD BOOK NUMBER
International Standard Book Number 3-540-22321-5
040 ## - CATALOGING SOURCE
Transcribing agency IIA Library
080 ## - UNIVERSAL DECIMAL CLASSIFICATION NUMBER
Universal Decimal Classification number 523.947
Item number ASC
100 ## - MAIN ENTRY--PERSONAL NAME
Personal name Aschwanden, Markus J.
9 (RLIN) 29216
245 #0 - TITLE STATEMENT
Title Physics of the solar corona
Remainder of title an introduction
Statement of responsibility, etc. Markus J. Aschwanden
260 ## - PUBLICATION, DISTRIBUTION, ETC.
Place of publication, distribution, etc. Berlin
Name of publisher, distributor, etc. Springer
Date of publication, distribution, etc. 2004
300 ## - PHYSICAL DESCRIPTION
Extent xxi, 842p.
490 ## - SERIES STATEMENT
Series statement Springer-Praxis books in geophysical sciences
650 ## - SUBJECT ADDED ENTRY--TOPICAL TERM
Topical term or geographic name entry element Astrophysics
9 (RLIN) 794
650 ## - SUBJECT ADDED ENTRY--TOPICAL TERM
Topical term or geographic name entry element Physics
9 (RLIN) 73
650 ## - SUBJECT ADDED ENTRY--TOPICAL TERM
Topical term or geographic name entry element Sun corona
9 (RLIN) 17712
942 ## - ADDED ENTRY ELEMENTS (KOHA)
Koha item type Books
Holdings
Withdrawn status Lost status Damaged status Not for loan Home library Current library Shelving location Date acquired Source of acquisition Cost, normal purchase price Total Checkouts Total Renewals Full call number Barcode Date last seen Date last checked out Cost, replacement price Price effective from Koha item type Purchase Price
        IIA Library-Bangalore IIA Library-Bangalore General Stacks 01/04/2005 PBPL 7939.00 3 1 523.947/ ASC 16781 25/07/2025 25/07/2025 7939.00 01/04/2005 Books Rs. 7939.00

Powered by Koha